Marketingové řízení a plánování pro malé a střední firmy

Na minha lista:
Detalhes bibliográficos
Autor principal: Blažková, Martina
Formato: Livro
Idioma:tcheco
Publicado em: Praha GRADA 2007
Colecção:Manažer
Assuntos:
Tags: Adicionar Tag
Sem tags, seja o primeiro a adicionar uma tag!

MARC

LEADER 00000nam$a2200000$$$4500
001 0067225
005 20240313090050.3
020 |a 978-80-247-1535-3 
041 0 |a cze 
044 |a CZ 
245 1 0 |a Marketingové řízení a plánování pro malé a střední firmy  |c Martina Blažková 
264 1 |a Praha  |b GRADA  |c 2007 
300 |a 278 s. 
490 1 |a Manažer 
830 0 |a Manažer 
610 2 0 |a marketing 
610 2 0 |a riadenie 
610 2 0 |a plánovanie 
610 2 0 |a podnik malý 
610 2 0 |a podnik stredný 
610 2 0 |a stratégia marketingová 
610 2 0 |a kontrola 
610 2 0 |a ciele podnikové 
610 2 0 |a informácie 
610 2 0 |a analýzy 
610 2 0 |a plán marketingový 
100 1 |a Blažková, Martina